| 000 | 00986nam a2200253 i 4500 | ||
|---|---|---|---|
| 001 | bg | ||
| 100 | 1 |
_aUry, William _d(1953- ). |
|
| 245 | 1 | 0 |
_aOdchodząc od NIE : _bnegocjowanie od konfrontacji do kooperacji / _cWilliam Ury ; przeł. i przedmową opatrzył Robert A. Rządca. |
| 246 |
_iTyt. oryg.: _aGetting past no : negotiating your way from confrontation to cooperation |
||
| 250 | _aWyd. 2. | ||
| 260 |
_aWarszawa : _bPolskie Wydaw. Ekonomiczne, _c2000. |
||
| 300 |
_a197, [3] s. ; _c20 cm. |
||
| 500 | _aTyt. oryg.: "Getting past no : negotiating your way from confrontation to cooperation" 1993. | ||
| 650 | 9 | _aNegocjacje | |
| 700 | 1 |
_aRządca, Robert Artur. _eTł. |
|
| 020 | _a8320812518 | ||
| 040 | _cBPK | ||
| 041 | 1 |
_apol _heng |
|
| 080 | _a65.011:316.47 | ||
| 920 | _a83-208-1251-8 | ||
| 942 | _cKS | ||
| 008 | s pl f |000 0 pol | ||
| 999 |
_c45440 _d45440 |
||
| 856 |
_uhttp://koha.tu.koszalin.pl/cgi-bin/koha/opac-detail.pl?biblionumber=45440 _yKatalog online BPK |
||